| 000 | 00598nam a2200193Ia 4500 | ||
|---|---|---|---|
| 005 | 20250508150543.0 | ||
| 008 | 008 250505s9999 xx 000 0 eng d | ||
| 037 | _aTextual | ||
| 040 |
_aFEDL _beng _cFEDL |
||
| 041 |
_aeng _2eng |
||
| 084 |
_a372, UNE _qFEDL |
||
| 245 | 0 | _aTeaching of handwriting | |
| 245 | 0 | _c11th International Conference on Public Education | |
| 260 |
_aParis, France _bUnited Nations Educational, Scientific and Cultural Organization _c1948 |
||
| 300 | _a125p. | ||
| 650 | _aElementary Education | ||
| 942 |
_cTEXL _h372, UNE |
||
| 999 |
_c1324225 _d1324225 |
||